MARC

LEADER 00000nam0a2200000 4500
001 146254
005 20231101221217.0
035 |a (RuTPU)RU\TPU\book\158528 
090 |a 146254 
100 |a 20081028d1949 k y0rusy50 ca 
101 0 |a rus 
102 |a RU 
105 |a a z 001zy 
200 1 |a Кобальт  |f Ф. М. Перельман, А. Я. Зворыкин, Н. В. Гудима  |g Академия наук СССР (АН СССР), Институт общей и неорганической химии им. Н. С. Курнакова (ИОНХ) ; под ред. Г. Г. Уразова 
210 |a Москва  |a Ленинград  |c Изд-во АН СССР  |d 1949 
215 |a 175 с.  |c ил. 
320 |a Библиогр.: с. 165-173. 
606 1 |a Кобальт  |x Химия  |2 stltpush  |3 (RuTPU)RU\TPU\subj\14591  |9 40958 
610 1 |a химические элементы 
610 1 |a открытие 
610 1 |a применение 
610 1 |a сырьевые источники 
610 1 |a мировое производство 
610 1 |a интерметаллические соединения 
610 1 |a окислы 
610 1 |a карбонаты 
610 1 |a сульфиды 
610 1 |a соли 
610 1 |a твердые растворы 
610 1 |a комплексные соединения 
610 1 |a качественное определение 
610 1 |a количественное определение 
610 1 |a кобальтовые руды 
610 1 |a переработка 
675 |a 546.73  |v 3 
700 1 |a Перельман  |b Ф. М. 
701 1 |a Зворыкин  |b А. Я. 
701 1 |a Гудима  |b Н. В. 
702 1 |a Уразов  |b Г. Г.  |4 340 
712 0 2 |a Академия наук СССР (АН СССР)  |b Институт общей и неорганической химии им. Н. С. Курнакова (ИОНХ)  |c (Москва)  |2 stltpush  |3 (RuTPU)RU\TPU\col\11794 
801 1 |a RU  |b 63413507  |c 20081028  |g PSBO 
801 2 |a RU  |b 63413507  |c 20160324  |g PSBO 
942 |c BK